[Event "Gijon RGCC op 7th"]
[Site "Gijon"]
[Date "2023.08.06"]
[Round "3"]
[White "Gonzalez Fernandez, Alvaro"]
[Black "Zubizarreta Riego, Mikel"]
[Result "0-1"]
[WhiteElo "1704"]
[BlackElo "1950"]
[PlyCount "71"]
[EventDate "2023.08.05"]
[EventType "swiss"]
[EventRounds "9"]
[EventCountry "ESP"]
[SourceTitle "EXT 2024"]
[Source "ChessBase"]
[SourceDate "2023.10.10"]
[SourceVersion "1"]
[SourceVersionDate "2023.10.10"]
[SourceQuality "1"]

1. e4 c5 2. Nf3 e6 3. d4 cxd4 4. Nxd4 a6 5. a4 Qc7 6. Be3 Nf6 7. f3 b6 8. Be2 Bb7 9. 0-0 d5 10. exd5 Nxd5 11. Bf2 Bc5 12. Bc4 Bd6 13. Bxd5 Bxh2+ 14. Kh1 Bxd5 15. Nc3 Bb7 16. Qe1 Bd6 17. Nf5 0-0 18. Nxd6 Qxd6 19. Qe3 Nd7 20. Rad1 Qc7 21. Rd2 Bc6 22. Rfd1 b5 23. axb5 axb5 24. Rd6 b4 25. Ne4 Bd5 26. Bg3 Qxc2 27. Rc1 Qa4 28. Rc7 Qd1+ 29. Kh2 Ra1 30. Kh3 Qh1+ 31. Bh2 Bxe4 32. Qxe4 Ra5 33. Rdxd7 Rh5+ 34. Kg3 Rg5+ 35. Kf4 Qxh2+ 36. Ke3 0-1

[Event "Trevis San Miguel op 26th"]
[Site "Trevis"]
[Date "2020.09.19"]
[Round "1"]
[White "Gonzalez Fernandez, Alvaro"]
[Black "Menendez Perez, Miguel"]
[Result "0-1"]
[WhiteElo "1460"]
[BlackElo "1464"]
[PlyCount "96"]
[EventDate "2020.09.19"]
[EventType "swiss"]
[EventRounds "3"]
[EventCountry "ESP"]
[SourceTitle "EXT 2024"]
[Source "ChessBase"]
[SourceDate "2023.10.10"]
[SourceVersion "1"]
[SourceVersionDate "2023.10.10"]
[SourceQuality "1"]

1. e4 e5 2. Nf3 Nc6 3. d4 exd4 4. Nxd4 Bc5 5. Nb3 Bb6 6. Nc3 Nf6 7. Bc4 Qe7 8. Qe2 d6 9. Bg5 Be6 10. Bd5 h6 11. Bh4 g5 12. Bxc6+ bxc6 13. Bg3 d5 14. 0-0-0 dxe4 15. Nxe4 0-0 16. h4 Rfe8 17. hxg5 Nxe4 18. Qxe4 Qxg5+ 19. Bf4 Bxb3 20. Qxe8+ Rxe8 21. Bxg5 Bd5 22. Rxh6 Bxf2 23. Rdh1 f5 24. Rg6+ Kf7 25. Rhh6 Re2 26. Rf6+ Kg7 27. Rhg6+ Kh7 28. Bh6 Re7 29. Bf8 Rd7 30. c3 Be3+ 31. Kc2 Bc4 32. Bh6 Rd2+ 33. Kc1 Rxg2+ 34. Bxe3 Rxg6 35. Rxf5 Re6 36. Kd2 Rd6+ 37. Bd4 Bxa2 38. Ke3 Kg6 39. Ra5 Bc4 40. Rxa7 Re6+ 41. Kf4 Bd5 42. Rxc7 Re4+ 43. Kg3 Kf5 44. Rg7 Re2 45. Rb7 Rg2+ 46. Kh3 Kf4 47. Rb8 Re2 48. b4 Be6+ 0-1

[Event "Pontevedra op-B 6th"]
[Site "Pontevedra"]
[Date "2018.08.12"]
[Round "7"]
[White "Caudet Soto, Javier"]
[Black "Gonzalez Fernandez, Alvaro"]
[Result "0-1"]
[WhiteElo "1356"]
[BlackElo "1532"]
[PlyCount "85"]
[EventDate "2018.08.08"]
[EventType "swiss"]
[EventRounds "9"]
[EventCountry "ESP"]
[SourceTitle "CBM 186 Extra"]
[Source "ChessBase"]
[SourceDate "2018.08.24"]
[SourceVersion "1"]
[SourceVersionDate "2018.08.24"]
[SourceQuality "1"]

1. e4 c5 2. Nf3 Nc6 3. d4 cxd4 4. Nxd4 e6 5. Nc3 Nf6 6. Ndb5 Bb4 7. Nd6+ Ke7 8. Ndb5 d6 9. Nd4 Nxe4 10. Nxc6+ bxc6 11. Qd4 Bxc3+ 12. bxc3 Nf6 13. Ba3 Ke8 14. Bd3 Qa5 15. Qxd6 Qxc3+ 16. Ke2 Nd5 17. Be4 Qc4+ 18. Bd3 Qg4+ 19. Kf1 Qd4 20. Rd1 Qf6 21. Qg3 a5 22. Bc5 Nb4 23. Ke2 Nxd3 24. Rxd3 Ba6 25. Rhd1 Bxd3+ 26. Qxd3 Qe5+ 27. Be3 Qb5 28. c4 Qb7 29. Qd6 Qc8 30. Bb6 Rb8 31. c5 f6 32. Ke3 Kf7 33. a4 Re8 34. Kf3 e5 35. g3 e4+ 36. Kg2 e3 37. fxe3 h6 38. Rd3 h5 39. Rd4 Rxb6 40. cxb6 c5 41. Rd5 c4 42. Qc5 Qe6 43. Qxa5 0-1